| 000 | 00601cam a22002171 4500 | ||
|---|---|---|---|
| 001 | 7048693 | ||
| 003 | OSt | ||
| 005 | 20250901165625.0 | ||
| 008 | 730523s1964 nyu 000 1 eng | ||
| 010 | _a 64019934 | ||
| 035 | _a(OCoLC)629279 | ||
| 040 |
_aDLC _cOAsC _dOCoLC _dDLC |
||
| 042 | _apremarc | ||
| 050 | 0 | 0 |
_aPZ 4 .H112 PS 3558 .A17 1964 _bLo _aPS 3558 .A17 1964 |
| 100 | 1 | _aHaas, Ben. | |
| 245 | 1 | 0 |
_aLook away, look away; _ba novel. |
| 260 |
_aNew York, _bSimon and Schuster, _c1964. |
||
| 300 |
_a509 p. _c22 cm. |
||
| 906 |
_a7 _bcbc _coclcrpl _du _encip _f19 _gy-gencatlg |
||
| 942 |
_2lcc _cBK |
||
| 999 |
_c6840 _d6840 |
||